000 01478nam0a22002891 4500
001 rc\3174749
005 20260406122027.0
021 _aRU
_b[76-79803]
035 _a(NLR Aleph) 007330189
090 _a6001331
_c6001331
100 _a20120615d1976 |||y0rusy50 ca
101 0 _arus
102 _aRU
105 _aa z |||||
200 1 _aТермодинамический режим метаморфизма
_eТруды II сессии [симпозиума] Науч. совета по геологии докембрия, Ленинград, 1976
_f[Отв. ред. д-р геол.-минерал. наук В.А. Глебовицкий]
210 _aЛенинград
_cНаука. Ленингр. отд-ние
_d1976
215 _a339 с., 2 л. ил.
_cил.
_d27
300 _aВ надзаг.: АН СССР, Отд-ние геологии, геофизики и геохимии, Науч. совет по рудообразованию, Ин-т геологии и геохронологии докембрия
320 _aСписки лит. в конце докл.
606 _aМетаморфизм
_jСборники
_2psbo
702 1 _aГлебовицкий
_bВ.А.
_gВиктор Андреевич
_4340
712 0 2 _aАН СССР
_bНаучный совет по геологии докембрия
_3RU\NLR\AUTH\8814687
_9302683
801 0 _aRU
_bNLR
_gpsbo
801 1 _aRU
_bELAR
_2rusmarc
852 _aNLR
_j77-7/393
942 _cBOOK
980 _aNB